A bibliography of Undology (enumerating basic publications on all aspects of Indian culture): Indian anthropology (Record no. 487414)

000 -LEADER
fixed length control field 00446cam a22001217a 4500
008 - FIXED-LENGTH DATA ELEMENTS--GENERAL INFORMATION
fixed length control field 180718b1960 xxu||||| |||| 00| 0 eng d
082 ## - DEWEY DECIMAL CLASSIFICATION NUMBER
Classification number A2:VA2 In2
245 ## - TITLE STATEMENT
Title A bibliography of Undology (enumerating basic publications on all aspects of Indian culture): Indian anthropology
Statement of responsibility, etc. Compiled by J.M. Kanitkar
260 ## - PUBLICATION, DISTRIBUTION, ETC.
Place of publication, distribution, etc. Calcutta
Name of publisher, distributor, etc. National Library
Date of publication, distribution, etc. 1960
300 ## - PHYSICAL DESCRIPTION
Extent 290+p.
700 ## - ADDED ENTRY--PERSONAL NAME
Personal name India. National Library, Calcutta
700 ## - ADDED ENTRY--PERSONAL NAME
Personal name Kanitkar, J.M.
Holdings
Withdrawn status Lost status Damaged status Not for loan Permanent Location Current Location Date acquired Full call number Barcode Date last seen Price effective from Koha item type
        Indian Institute of Public Administration Indian Institute of Public Administration 2018-08-04 A2:VA2 In2 GR2961 2018-08-04 2018-08-04 GR

Powered by Koha